000 00513nam a2200181Ia 4500
005 20240513122744.0
008 231207s9999 xx 000 0 und d
020 _a9780500019696
040 _cNCA Library
082 _a746
_bJUR
100 _aJuracek, Judy A.
245 0 _aSoft surfaces: visual research for artists, architects and designers
_c Judy A. Juracek
260 _bThames and Hudson
_aLondon
_c1999
300 _a334p
_bill
546 _aEnglish
650 _aTextile design, Motifs
942 _cREF
999 _c23410
_d23410